تقلص مساحه الحقول فقد اراضي المحاصيل في عالم / (رقم التسجيلة. 85104)
[ عرض عادي ]
| 000 -LEADER | |
|---|---|
| fixed length control field | 00760nam a22002057a 4500 |
| 005 - DATE AND TIME OF LATEST TRANSACTION | |
| control field | 20251108172644.0 |
| 008 - FIXED-LENGTH DATA ELEMENTS--GENERAL INFORMATION | |
| fixed length control field | 250721s1999 xx 000 0 ara d |
| 082 14 - DEWEY DECIMAL CLASSIFICATION NUMBER | |
| Classification number | 333,76/جار |
| 100 1# - MAIN ENTRY--PERSONAL NAME | |
| Personal name | جاردنر، جاري |
| 245 10 - TITLE STATEMENT | |
| Title | تقلص مساحه الحقول فقد اراضي المحاصيل في عالم / |
| 264 1# - PRODUCTION, PUBLICATION, DISTRIBUTION, MANUFACTURE, AND COPYRIGHT NOTICE | |
| Place of production, publication, distribution, manufacture | القاهره : |
| Name of producer, publisher, distributor, manufacturer | الدار الدوليه للنشر و التوزيع، |
| Date of production, publication, distribution, manufacture, or copyright notice | 1999. |
| 300 ## - PHYSICAL DESCRIPTION | |
| Extent | 92 ص |
| 490 0# - SERIES STATEMENT | |
| Series statement | سلسله معهد مراقبه البيئه العالميه (رولداتش ) 131 |
| 650 17 - SUBJECT ADDED ENTRY--TOPICAL TERM | |
| Topical term or geographic name as entry element | الإقتصاد الزراعي |
| 650 17 - SUBJECT ADDED ENTRY--TOPICAL TERM | |
| Topical term or geographic name as entry element | حماية البيئة |
| 650 17 - SUBJECT ADDED ENTRY--TOPICAL TERM | |
| Topical term or geographic name as entry element | التنمية الزراعية |
| 650 17 - SUBJECT ADDED ENTRY--TOPICAL TERM | |
| Topical term or geographic name as entry element | الإقتصاد الغذائي |
| 942 ## - ADDED ENTRY ELEMENTS (KOHA) | |
| Source of classification or shelving scheme | Dewey Decimal Classification |
| Koha item type | كتب |
| حالة السحب | حالة الفقدان | مصدر التصنيف | حالة التلف | غير قابل للإعارة | المكتبة الرئيسية | المكتبة الحالية | موقع الرف | تاريخ التزويد | الرقم المتسلسل | Total Checkouts | رقم الإستدعاء | الباركود | تاريخ آخر ظهور | تاريخ الفاتورة | نوع المادة (كوها) |
|---|---|---|---|---|---|---|---|---|---|---|---|---|---|---|---|
| Dewey Decimal Classification | المكتبة المركزية | المكتبة المركزية | الإعارة | 16/11/2016 | 1650090 | 333,76/جار | PLD00399251 | 28/07/2025 | 16/11/2016 | كتب | |||||
| Dewey Decimal Classification | مكتبة الراية الهاشمية للأطفال | مكتبة الراية الهاشمية للأطفال | الأطفال | 30/09/2015 | 1466597 | 333,76/جار | PLD00350313 | 28/07/2025 | 30/09/2015 | كتب | |||||
| Dewey Decimal Classification | مكتبة صويلح العامة | مكتبة صويلح العامة | الإعارة | 22/07/2020 | 394185 | 333,76/جار | PLD00486776 | 28/07/2025 | 22/07/2020 | كتب |